| 000 | 00545nam a2200181 a 4500 | ||
|---|---|---|---|
| 001 | 000027655 | ||
| 005 | 20200930031008.0 | ||
| 008 | 110404s1977 dr 000 0 spa d | ||
| 040 |
_aDO-SdBNP _bspa _cBNPHU |
||
| 082 |
_axxx _bE74b |
||
| 100 | 1 |
_aEscobal, Luis S. _938438 |
|
| 245 | 1 | 0 |
_aBiografía de la catedral primada de las indias / _cLuis S. Escobal. |
| 260 |
_aSanto Domingo : _bAlfa y Omega, _c1977. |
||
| 300 |
_a192 p. ; _c22 cm. |
||
| 500 | _aIncluye notas al pie de páginas | ||
| 504 | _aBibliografías p. 191-192 | ||
| 049 | _aBNPD | ||
| 999 |
_c27147 _d27147 |
||